Human resource managment: (Record no. 157014)

MARC details
000 -LEADER
fixed length control field 00517nam a22001697a 4500
005 - DATE AND TIME OF LATEST TRANSACTION
control field 20180905181556.0
010 ## - LCCN (DPL NO)
LC control number B-225047
020 ## - INTERNATIONAL STANDARD BOOK NUMBER
International Standard Book Number 8125918094
Terms of availability 210.00
035 ## - SYSTEM CONTROL NUMBER
System control number B-225047
037 ## - SOURCE OF ACQUISITION
Source of stock number/acquisition Vikas Publishing House Pvt Ltd
082 ## - DEWEY DECIMAL CLASSIFICATION NUMBER
Classification number 658.3
100 ## - MAIN ENTRY--PERSONAL NAME
Personal name Aquinas, P. G.
245 ## - TITLE STATEMENT
Title Human resource managment:
Remainder of title principles and practice
Statement of responsibility, etc P. G. Aquinas
260 ## - PUBLICATION, DISTRIBUTION, ETC. (IMPRINT)
Place of publication, distribution, etc Noida
Name of publisher, distributor, etc Vikas Publishing House Pvt Ltd
300 ## - PHYSICAL DESCRIPTION
Extent 326p. (It include index)
Dimensions 23cm (pbk)
942 ## - ADDED ENTRY ELEMENTS (KOHA)
Source of classification or shelving scheme Dewey Decimal Classification
Item type English Books
Classification part 658.3
Call number suffix AQU
Holdings
Withdrawn status Lost status Not for loan Collection code Home library Current library Date acquired Full call number Barcode Koha item type
      Non-fiction Sarojini Nagar Sarojini Nagar 05/09/2018 658.3 AQU B-225047 English Books

© Delhi Public Library
Hit Counter
free hit counter